000
00336nam a2200133Ia 4500
008
240624s9999 xx 000 0 und d
041
_a
eng
082
_a
920 HEN
100
_a
ISAACS JEREMY
245
_a
COLD WAR FOR FORTY FIVE YEARS THE WORLD
260
_c
2008
_a
London
_b
Abacus
300
_a
xx, : 536 : p. : cm. ; 20
365
_c
RS
999
_c
21165
_d
21165